zpět

Detail výsledku týmu

Bar U Souseda, Plzeň

Datum a čas kvízu

22.5 Celkem bodů Celkový počet nahraných bodů na tomto kvízu bez doplňovacích otázek.
4. Pořadí na kvízu Konečné umístění týmu na tomto kvízu.

Zaznamenané odpovědi

# Otázka Odpověď Body Výsledky
1. Ve středu se v Praze konal již... Big Brother Awards (Ceny Velkého bratra) 0
2. Minulý týden se ve Spojených s... Joe Biden 0
3. Zahájení letošního ročníku fes... Oleh Sencov 0
4. V úterý byl vyhlášen Podnikate... Oliver Dlouhý 0
5. Bývalý brazilský fotbalista se... Ronaldinho 1
6. V následujících pěti otázkách... krokodýl 1
7. Desomorfin je syntetický opioi... v Rusku 1
8. Značka Crocs je známá předevší... v USA 1
9. Krokodýl Dundee je australská... Paul Hogan, Mike 0
10. Jak si říká muž, který v roce... Elton John 1